Statistics for Young(ish) women of politics

Click here to take the quiz!

General Stats

  • This quiz has been taken 301 times
    (287 since last reset)
  • The average score is 6 of 13

Answer Stats

HintAnswer% Correct
Controversial Alaska governor and candidate for Vice PresidentSarah Palin
78%
Most famous member of "The Squad", New Yorker hated by conservative punditsAlexandria Ocasio-Cortez
76%
Prime minister of New Zealand 2017-Jacinda Ardern
75%
Shortest-serving UK prime ministerLiz Truss
72%
First female leader (excluding British monarchs) in a Muslim countryBenazir Bhutto
47%
First to wear a hijab in US congress, another member of "The Squad"Ilhan Omar
45%
Prime minister of Finland 2019-Sanna Marin
45%
First female prime minister of ItalyGiorgia Meloni
40%
MAGA congresswoman from ColoradoLauren Boebert
39%
Youngest SCOTUS justice in historyAmy Coney Barrett
30%
Far-right Peruvian who has lost three presidential electionsKeiko Fujimori
20%
First Alaska Native elected to US congressMary Peltola
14%
Prime minister of Denmark 2019-Mette Fredriksen
8%

Score Distribution

Percentile by Number Answered

Percent of People with Each Score

Your Score History

You have not taken this quiz since the last reset